Vývoj vlastného imania akciových spoločností v Slovenskej republike bakalárska práca

Gespeichert in:
Bibliographische Detailangaben
1. Verfasser: Sirota, Vladimír
Körperschaft: Fakulta hospodárskej informatiky EU. Katedra účtovníctva a audítorstva
Weitere Verfasser: Podmanická, Martina, 1977-
Format: Buch
Sprache:Slowakisch
Veröffentlicht: Bratislava 2023
Tags: Tag hinzufügen
Keine Tags, Fügen Sie das erste Tag hinzu!

MARC

LEADER 00000nbm a2200000 4500
001 0302672
005 20250131120920.5
041 0 |a slo 
044 |a SK 
245 1 0 |a Vývoj vlastného imania akciových spoločností v Slovenskej republike  |b bakalárska práca  |c Vladimír Sirota ; školiteľ: Martina Podmanická 
264 1 |a Bratislava  |c 2023 
300 |a 40 s. 
100 1 |a Sirota, Vladimír 
700 1 |a Podmanická, Martina, 1977- 
710 2 |a Fakulta hospodárskej informatiky EU. Katedra účtovníctva a audítorstva